| 000 | 00360 a2200157 4500 | ||
|---|---|---|---|
| 001 | 60287 | ||
| 020 | _a9788537701027 | ||
| 040 | _cAnchieta - Pituba | ||
| 100 | _aCoclés, Joel | ||
| 240 | 1 | 0 |
_aLiberdade e determinismo _lpor |
| 245 | 1 | 0 | _aLiberdade e determinismo |
| 300 | _a127 | ||
| 362 | 0 | _a2007 | |
| 650 | 4 | _aTipos e tratamento de pessoas | |
| 942 | _cBK | ||
| 999 |
_c60287 _d60287 |
||